El liderazgo apaciblemente justo (Registro nro. 52406)
[ vista simple ]
| 000 -LÍDER | |
|---|---|
| Campo fijo de descripción fija | 00944aab a2200193 i 4500 |
| 001 - NÚMERO DE CONTROL | |
| Campo de control | 768714001 |
| 003 - IDENTIFICADOR DEL NÚMERO DE CONTROL | |
| Campo de control | CO-MdFUSB |
| 005 - FECHA Y HORA DE LA ULTIMA TRANSACCIÓN | |
| control field | 20240423073906.0 |
| 008 - ELEMENTOS DE LONGITUD FIJA -- INFORMACIÓN GENERAL | |
| Campo fijo de descripción fija -- Información general | 220824s1999 ck ||||| |||| 00| 0 spa d |
| 040 ## - FUENTE DE CATALOGACIÓN | |
| Idioma de catalogación | spa |
| Agencia que realiza la transcripción | CO-MdFUSB |
| Agencia que realiza la modificación | CO-MdFUSB |
| 041 ## - CÓDIGO DE IDIOMA | |
| Código de idioma para texto/pista de sonido o título separado | spa |
| 100 1# - ASIENTO PRINCIPAL--NOMBRE PERSONAL | |
| Nombre personal | Sarmiento, Ester de |
| Término relacionador | autor |
| 245 #3 - TÍTULO | |
| Título | El liderazgo apaciblemente justo |
| Mención de responsabilidad | / Ester de Sarmiento |
| 300 ## - DESCRIPCIÓN FÍSICA | |
| Extensión | Volumen 18, número 3 (julio - septiembre, 1999), páginas: 20 - 21 |
| Dimensiones | ; 27 cm |
| 520 ## - NOTA DE RESUMEN, ETC. | |
| Nota de sumario, etc. | Lo glorioso del fruto apacible de justicia podria describirse como:<br/>Sujetarnos en amor, Esperar en DIios como nuestra justicia, actuar en autoridad (firme pero no despótica).<br/>Sin duda, la presencia o ausencia del fruto de justicia que da la disciplina, se nota en las relaciones como equipo. |
| 650 #0 - ASIENTO SECUNDARIO DE MATERIA - TERMINO TEMÁTICO | |
| 9 (RLIN) | 2014 |
| Término temático o nombre geográfico como elemento de entrada | Liderazgo |
| 773 0# - ASIENTO DE ITEM FUENTE | |
| Título | Iglesia y Misión |
| Biblionumber | 49402 |
| Itemnumber | 59631 |
| Parte(s) relacionada(s) / Volumen., número. (mes año), páginas | Volumen 18, número 3 (julio - septiembre, 1999), páginas: 20 - 21 |
| Enumeración y primera página | página: 20 |
| 942 ## - TIPO DE MATERIAL (KOHA) | |
| Tipo de Item KOHA | Artículos de Revista |
No hay ítems disponibles.
